00707nam a2200241 a 4500001001300000003000900013005001700022008004100039020001000080082001800090100004000108245002100148260004100169300000900210500003500219505001300254650001000267700004000277902000800317942000700325952011800332999001500450nice12345678IN_TiNIC20260116011929.0050524s1939 laha grp 000 0 urd  ac10000a294.5921bSAR aSaraswati Maharishi, Swami Dayanand aSatyarth Prakash aLahorebArya Prati Nidhi Sabhac1939 a791p aincludes index and biblioraphy2 aappendix aVedas1 aSaraswati Maharishi, Swami Dayanand bSRS cBK 001040708StackRoom-aHMIbHMId2007-07-25g100.00l0o294.5921 SARp09533r2007-07-25v100.00w2005-05-24yBK c4943d4943